00801nam a2200277Ia 450000500170000000800460001702000180006303700100008104000080009104000080009904000080010704100080011504100080012308400080013110000730013924500580021224500310027026000230030126000090032436500050033336500100033885600530034894200100040199900210041195200910043220260324115050.0008 260324s9999 xx 000 0 eng d a9781003421658 aEBOOK aCRL beng cCRL 2eng aeng qCRL a0 The International Institute for Strategic Studies (IISS),91151550 0aSurvival: Global Politics and Strategy June-July 2020 0bIn the Time of Coronavirus bTaylor and Francis c2020 a b95.99 uhttp://www.taylorfrancis.com/books/9781003421658 cEBOOK c1743827d1743827 00104070aCRLbCRLd2026-03-24l0pCL2026040r2026-03-24 11:50:50w2026-03-24yEBOOK